Changing European gas map - an opportunity or threat for Slovakia?

Pozícia Eustreamu v meniacich sa podmienkach tranzitu plynových zásob v Európe. Tranzity Yamal-Europe a Nord Stream. Nejasná budúcnosť plynovodu South Stream. Bezpečnosť zásobovania plynom Európu. Pozícia ukrajinsko-ruskej krízy v bezpečnosti dodávok plynu.

Guardado en:
Detalles Bibliográficos
Autor principal: Badida, Jozef
Formato: Capítulo de libro
Lenguaje:inglés
Materias:
Etiquetas: Agregar Etiqueta
Sin Etiquetas, Sea el primero en etiquetar este registro!

MARC

LEADER 00000naa a2200000 4500
001 0200228
005 20231208104109.4
041 0 |a eng 
044 |a SK 
245 1 0 |a Changing European gas map - an opportunity or threat for Slovakia?  |c Jozef Badida 
520 |a Pozícia Eustreamu v meniacich sa podmienkach tranzitu plynových zásob v Európe. Tranzity Yamal-Europe a Nord Stream. Nejasná budúcnosť plynovodu South Stream. Bezpečnosť zásobovania plynom Európu. Pozícia ukrajinsko-ruskej krízy v bezpečnosti dodávok plynu. 
610 2 0 |a bezpečnosť energetická 
610 2 0 |a Európska únia 
610 2 0 |a Slovensko 
610 2 0 |a Ukrajina 
610 2 0 |a Rusko 
610 2 0 |a plynovody 
610 2 0 |a krajiny tranzitívne 
610 2 0 |a tranzit 
100 1 |a Badida, Jozef